Casas, viviendas y hogares en la historia de México / (Record no. 71551)

MARC details
000 -LEADER
fixed length control field 00733cam a2200217 a 4500
008 - FIXED-LENGTH DATA ELEMENTS--GENERAL INFORMATION
fixed length control field 021108s2001 mx 000 0 spa u
020 ## - INTERNATIONAL STANDARD BOOK NUMBER
International Standard Book Number 9681209990
020 ## - INTERNATIONAL STANDARD BOOK NUMBER
International Standard Book Number 9681209990
050 00 - LIBRARY OF CONGRESS CALL NUMBER
Classification number NA7244
Item number C37 2001
245 00 - TITLE STATEMENT
Title Casas, viviendas y hogares en la historia de México /
Statement of responsibility, etc Rosalva Loreto López, coord.
250 ## - EDITION STATEMENT
Edition statement 1a ed.
260 ## - PUBLICATION, DISTRIBUTION, ETC. (IMPRINT)
Place of publication, distribution, etc México :
Name of publisher, distributor, etc El Colegio de México, Centro de Estudios Históricos,
Date of publication, distribution, etc 2001.
300 ## - PHYSICAL DESCRIPTION
Extent 377 p. :
Other physical details ils. ;
Dimensions 22 cm.
440 ## - SERIES STATEMENT/ADDED ENTRY--TITLE
Title Centro de Estudios Históricos
504 ## - BIBLIOGRAPHY, ETC. NOTE
Bibliography, etc Incluye bibliografías
650 10 - SUBJECT ADDED ENTRY--TOPICAL TERM
Topical term or geographic name as entry element Casas
Geographic subdivision México
General subdivision Historia
650 20 - SUBJECT ADDED ENTRY--TOPICAL TERM
Topical term or geographic name as entry element Ciudades y pueblos
Geographic subdivision México
General subdivision Historia
700 1# - ADDED ENTRY--PERSONAL NAME
Personal name Loreto López, Rosalva, coord.
942 ## - ADDED ENTRY ELEMENTS (KOHA)
Source of classification or shelving scheme Biblioteca del Cogreso de los Estados Unidos
Koha item type Libro
Holdings
Estado de pérdida Fuente de clasificación Estado del daño No para préstamo Ubicación permanente Ubicación actual Apartado o colección Fecha de adquisición Edición Dependencia de educación superior (DES) Área del conocimiento Clasificación Código de Barras Date last seen Número de copia Costo por reposición Tipo de recurso Total Checkouts
  Biblioteca del Cogreso de los Estados Unidos     Biblioteca del Instituto de Investigaciones Históricas Biblioteca del Instituto de Investigaciones Históricas General 27/01/2023 1a ed. Humanidades Educación y Humanidades NA7244 C37 2001 IIH000026796 09/11/2018 C:1 1.00 Libro  
  Biblioteca del Cogreso de los Estados Unidos     Biblioteca del Instituto de Investigaciones Históricas Biblioteca del Instituto de Investigaciones Históricas General 27/01/2023 1a ed. Humanidades Educación y Humanidades NA7244 C37 2001 IIH000034165 27/01/2023 C:2 1.00 Libro  
  Biblioteca del Cogreso de los Estados Unidos     Biblioteca del Instituto de Investigaciones Históricas Biblioteca del Instituto de Investigaciones Históricas General 27/01/2023 1a ed. Humanidades Educación y Humanidades NA7244 C37 2001 IIH000034166 27/01/2023 C:3 1.00 Libro